Les pays dont le drapeau possède des lettres - Statistiques

Statistiques générales
  • Ce quiz a été pris 226 fois
    191 depuis la dernière actualisation
  • Le résultat moyen est 10 sur 21
Statistiques - réponses
Nom du pays % Correct
3 Arabie Saoudite
82%
6 Brésil
78%
14 Irak
70%
1 Afghanistan
57%
10 Espagne
56%
15 Iran
56%
17 Nicaragua
53%
21 Salvador
52%
11 Guatemala
50%
4 Belize
48%
2 Andorre
47%
9 Egypte
46%
20 Saint-Marin
46%
18 Paraguay
45%
16 Malte
44%
13 Haïti
39%
8 Costa Rica
33%
7 Brunei
29%
12 Guinée-Equatoriale
28%
5 Bolivie
27%
19 République Dominicaine
24%
Aucun quiz correspondant
Distribution des résultats
% des personnes avec chaque résultat
Percentile par nombre de réponses
Votre historique - résultats
Vous n’avez pas pris ce quiz depuis la dernière actualisation